<?xml version="1.0" encoding="UTF-8"?>
<collection xmlns="http://www.loc.gov/MARC21/slim">
 <record>
  <leader>06918nam a22003497a 4500</leader>
  <controlfield tag="001">kal6177</controlfield>
  <controlfield tag="003">Gr-AtHEAL</controlfield>
  <controlfield tag="005">20160515163749.0</controlfield>
  <controlfield tag="008">160515b        gr ||||| |||| 00| 0 eng|c</controlfield>
  <datafield tag="020" ind1=" " ind2=" ">
   <subfield code="a">9789606034008</subfield>
  </datafield>
  <datafield tag="040" ind1=" " ind2=" ">
   <subfield code="a">GR-AtHEAL</subfield>
   <subfield code="b">gre</subfield>
   <subfield code="c">GR-AtHEAL</subfield>
  </datafield>
  <datafield tag="082" ind1="0" ind2="4">
   <subfield code="a">340.1</subfield>
   <subfield code="2">23</subfield>
  </datafield>
  <datafield tag="100" ind1="1" ind2=" ">
   <subfield code="a">Ρεθυμνιωτάκη, Ελένη.</subfield>
   <subfield code="8">2937</subfield>
  </datafield>
  <datafield tag="245" ind1="1" ind2="0">
   <subfield code="a">Φεμινισμός και Δίκαιο</subfield>
   <subfield code="h">[Ηλεκτρονικός πόρος] </subfield>
   <subfield code="c">Ρεθυμνιωτάκη, Ελένη ;  Μαροπούλου, Μαρίνα ;  Τσακιστράκη, Χριστίνα ;  Κριτικός αναγνώστης, Αθανασίου, Αθηνά.</subfield>
  </datafield>
  <datafield tag="260" ind1=" " ind2=" ">
   <subfield code="a">Αθήνα :</subfield>
   <subfield code="b">Σύνδεσμος Ελληνικών Ακαδημαϊκών Βιβλιοθηκών,</subfield>
   <subfield code="c">c2015.</subfield>
  </datafield>
  <datafield tag="490" ind1=" " ind2=" ">
   <subfield code="a">Ακαδημαϊκά Ηλεκτρονικά Συγγράμματα και Βοηθήματα Κάλλιπος </subfield>
   <subfield code="8">40</subfield>
  </datafield>
  <datafield tag="505" ind1=" " ind2=" ">
   <subfield code="a">1. Εισαγωγή στην προβληματική Φεμινισμός και Δίκαιο 2. Πρώτο Φεμινιστικό Κύμα: εξισωτικός ή ισονομιστικός φεμινισμός 3. Δεύτερο Φεμινιστικό Κύμα: ο διαφοριστικός φεμινισμός ή ο φεμινισμός της δοαφοράς 4. Σεξουαλική έμφυλη βία και ιδιωτικότητα υπό το πρίσμα του ριζοσπαστικού φεμινισμού 5. Δεύτερο Φεμινιστικό Κύμα: ο γαλλικός φεμινισμός της διαφοράς 6. Δεύτερο Φεμινιστικό Κύμα: ο αμερικανικός φεμινισμός της διαφοράς 7. Ορθός λόγος, συναίσθημα και κανονιστικές ηθικές θεωρίες υπό το πρίσμα του πολιτισμικού φεμινισμού της διαφοράς 8. Τρίτο Φεμινιστικό Κύμα: ο μεταμοντέρνος ή μεταδομιστικός φεμινισμός 9. Η queer θεωρία και πρακτική 10. H υπέρβαση του βιολογικού θεμελίου της συγγένειας: τα νέα μοντέλα οικογένειας και η ιατρική υποβοήθηση της ανθρώπινης αναπαραγωγής</subfield>
  </datafield>
  <datafield tag="520" ind1=" " ind2=" ">
   <subfield code="a">Το βιβλίο πρόκειται να αποτελέσει κύριο βοήθημα για το μάθημα επιλογής του 4ου εξαμήνου της Νομικής Σχολής του Ε.Κ.Π.Α, ''Το ζήτημα του Φύλου και της Έμφυλης Διαφοράς...'', το οποίον ήδη διδάσκεται τα τελευταία οκτώ ακαδημαϊκά έτη. Στόχος του συγγράμματος είναι να εισαγάγει τους/τις νέους/ες νομικούς σε μια δυναμική και εξελισσόμενη κριτική θεωρία στο χώρο του δικαίου και των φεμινιστικών σπουδών, τη φεμινιστική νομική θεωρία. Στο εισαγωγικό κεφάλαιο θα παρουσιαστούν οι ιστορικές καταβολές και τα ιδιαίτερα χαρακτηριστικά αυτής της θεωρίας (πολυπαραδειγματικότητα, σύζευξη θεωρίας και βιωματικής εμπειρίας, αναστοχαστικότητα, διεπιστημονικότητα, ''άνοιγμα'' της φεμινιστικής προσέγγισης του δικαίου στο πεδίο άλλων κοινωνικών επιστημών). Επίσης, θα προσδιοριστούν οι θεωρητικές προκείμενες της φεμινιστικής νομικής σκέψης, καθώς και το καθεστώς συνεχούς αναπραγμάτευσής τους.Δεδομένου ότι η νομική φεμινιστική θεωρία συνδέεται με αναγκαίο δεσμό προς την εν γένει φεμινιστική θεωρία, ο κύριος όγκος του βιβλίου θα αφιερωθεί στα επονομαζόμενα τρία ''κύματα'' φεμινισμού και στις αντίστοιχες νομικές θεωρήσεις, κατά ιστορική σειρά εμφάνισής τους: εξισωτικός φεμινισμός, φεμινισμός της διαφοράς (στις τρεις εκδοχές του: ριζοσπαστικός, γαλλικός πολιτισμικός και αμερικάνικος πολιτισμικός φεμινισμός της διαφοράς) και μεταμοντέρνος φεμινισμός. Επιδιώκοντας να αποδώσει το πλήρες φάσμα της προβληματικής που αυτά εισάγουν, η γενική δομή του βιβλίου προβλέπει το κεφάλαιο που αφιερώνεται στη θεωρία του κάθε κύματος να συμπληρώνεται από ένα ή δύο κεφάλαιο ''πρακτικού'' προσανατολισμού, στα οποία θα εξετάζονται οι κατ' αναλογία νομικές παρεμβάσεις, καθώς και η επιρροή των επιμέρους φεμινιστικών ρευμάτων στις διερωτήσεις που ανακύπτουν ή υποβάλλονται ως αίτημα στο χώρο του δικαίου.Ιδιαίτερο κεφάλαιο θα ασχοληθεί ακολούθως με το ''φεμινισμό του τρίτου κόσμου'', προτού το βιβλίου ολοκληρωθεί με ένα τελικό κεφάλαιο ''κριτικής ανασκόπησης'' των τριών εκδοχών του νομικού φεμινισμού.</subfield>
  </datafield>
  <datafield tag="650" ind1=" " ind2="0">
   <subfield code="a">Feminist jurisprudence</subfield>
   <subfield code="8">2944</subfield>
  </datafield>
  <datafield tag="653" ind1=" " ind2=" ">
   <subfield code="a">Νομικός φεμινισμός</subfield>
  </datafield>
  <datafield tag="653" ind1=" " ind2=" ">
   <subfield code="a">Βιοηθική</subfield>
  </datafield>
  <datafield tag="653" ind1=" " ind2=" ">
   <subfield code="a">Σπουδές φύλου</subfield>
  </datafield>
  <datafield tag="653" ind1=" " ind2=" ">
   <subfield code="a">Κριτική θεωρία δίκαιου</subfield>
  </datafield>
  <datafield tag="653" ind1=" " ind2=" ">
   <subfield code="a">Φεμινιστική θεωρία</subfield>
  </datafield>
  <datafield tag="700" ind1=" " ind2=" ">
   <subfield code="a">Μαροπούλου, Μαρίνα</subfield>
   <subfield code="e">Συγγραφέας</subfield>
   <subfield code="8">2940</subfield>
  </datafield>
  <datafield tag="700" ind1=" " ind2=" ">
   <subfield code="a">Τσακιστράκη, Χριστίνα</subfield>
   <subfield code="e">Συγγραφέας</subfield>
   <subfield code="8">2941</subfield>
  </datafield>
  <datafield tag="700" ind1=" " ind2=" ">
   <subfield code="a">Αθανασίου, Αθηνά</subfield>
   <subfield code="e">Κριτικός αναγνώστης</subfield>
   <subfield code="8">2942</subfield>
  </datafield>
  <datafield tag="856" ind1=" " ind2=" ">
   <subfield code="u">http://hdl.handle.net/11419/6177</subfield>
   <subfield code="z">Πλήρες Κείμενο - Full text</subfield>
  </datafield>
  <datafield tag="907" ind1=" " ind2=" ">
   <subfield code="a">.b2568159x</subfield>
   <subfield code="b">25-06-18</subfield>
   <subfield code="c">29-07-16</subfield>
  </datafield>
  <datafield tag="949" ind1=" " ind2=" ">
   <subfield code="0">0</subfield>
   <subfield code="1">0</subfield>
   <subfield code="2">ddc</subfield>
   <subfield code="4">0</subfield>
   <subfield code="6">340_100000000000000_ΡΕΘ</subfield>
   <subfield code="7">0</subfield>
   <subfield code="8">KALL</subfield>
   <subfield code="8">921</subfield>
   <subfield code="d">2016-05-15</subfield>
   <subfield code="r">2016-05-15</subfield>
   <subfield code="w">2016-05-15</subfield>
   <subfield code="z">340.1 ΡΕΘ</subfield>
   <subfield code="o">SEAB KALLIPOS</subfield>
  </datafield>
  <datafield tag="998" ind1=" " ind2=" ">
   <subfield code="a">80</subfield>
   <subfield code="a">01</subfield>
   <subfield code="a">02</subfield>
   <subfield code="a">03</subfield>
   <subfield code="a">04</subfield>
   <subfield code="a">05</subfield>
   <subfield code="a">06</subfield>
   <subfield code="a">07</subfield>
   <subfield code="a">08</subfield>
   <subfield code="a">09</subfield>
   <subfield code="a">10</subfield>
   <subfield code="a">11</subfield>
   <subfield code="a">12</subfield>
   <subfield code="a">13</subfield>
   <subfield code="a">14</subfield>
   <subfield code="a">15</subfield>
   <subfield code="a">16</subfield>
   <subfield code="a">17</subfield>
   <subfield code="a">18</subfield>
   <subfield code="a">19</subfield>
   <subfield code="a">20</subfield>
   <subfield code="a">21</subfield>
   <subfield code="a">22</subfield>
   <subfield code="a">23</subfield>
   <subfield code="a">24</subfield>
   <subfield code="a">25</subfield>
   <subfield code="a">26</subfield>
   <subfield code="b">16-05-07</subfield>
   <subfield code="c">m</subfield>
   <subfield code="d">z  </subfield>
   <subfield code="e">-</subfield>
   <subfield code="f">gre</subfield>
   <subfield code="g">gr </subfield>
   <subfield code="h">0</subfield>
  </datafield>
  <datafield tag="942" ind1=" " ind2=" ">
   <subfield code="2">ddc</subfield>
   <subfield code="c">KALLIPOS</subfield>
  </datafield>
 </record>
</collection>
